| 000 | 00607nam a2200181 a 4500 | ||
|---|---|---|---|
| 001 | 000035746 | ||
| 005 | 20250120110604.0 | ||
| 008 | 111110s2011 dr ab 000 0 spa d | ||
| 020 | _a9789945469455 | ||
| 040 |
_aDO-SdBNP _bspa _cBNPHU |
||
| 100 | 1 |
_aMolina Morillo, Rafael, _d1930-1917 _937 |
|
| 245 | 1 | 0 |
_aGloria y repudio : _bbiografía de Pedro Santana / _cRafael Molina Morilla. |
| 260 |
_aSanto Domingo : _bEditora Nacionala, _c2011. |
||
| 300 |
_a265 p. : _bil., map. ; _c23 cm. |
||
| 500 | _aIncluye datos biográficos del autor en la solapa | ||
| 504 | _aBibliografía : p. 263 -265 | ||
| 049 | _aBNPD | ||
| 999 |
_c35237 _d35237 |
||